000 00993cab a2200193 4500
001 ABS41579
008 090401t1989 xxu||||| |||| 00| 0 eng d
035 _a(Sirsi) u31011
041 _aeng
100 _aVickerman, R.
245 _aPrivate provision of infrastructure: the Channel Tunnel project
260 _c1989
350 _a0
490 _aLocal Economy
_v4(2) August 1989, 132-142(6)
520 _aReflects on lessons to be learnt from the Channel Tunnel project in terms of the use of private sector funding for major projects and the methods used for appraisal. Draws specific implications for local authorities about this method of providing transport infrastructure . Concludes that the private financing route has probably been successful in this case but that there are problems to be addressed before applying this model of finance to other projects. References (Taken from Journal Abstract)
690 _aPLANNING LAW AND PRACTICE
942 _n0
948 _c04/03/1997
999 _c20855
_d20855